00709nam a2200181Ia 4500008004100000040001800041041000800059100002300067245008700090260003700177300005000214490006800264500007000332500005800402650001500460650002700475650002500502130821s1961 sp a gr spa  aCo-BoUCMbspa aspa1 aMayor Mayor, Pedro13aLa economía en 1960cSelección, resúmenes y comentarios de Pedro Mayor Mayor aMadrid (España)bAguilarc1961 axv , 514 páginasbilustraciones, gráficas 0aBiblioteca de Ciencias Sociales.aSección Primera: Economía aEl ejemplar No.1 disponible en 48 horas a partir de la solicitud. aEl ejemplar No.2 es Donación Dr. Álvaro Daza Roa.04aEconomía04aEconomíaxDesarrollo04aEconomíaxHistoria